banner koha

Delimitation of the Alcantarea extensa complex (Bromeliaceae) and a new species from Espírito Santo, Brazil (Registro n. 328855)

MARC details
000 -LÍDER
fixed length control field 02266nab a2200253 i 4500
003 - CÓDIGO MARC DA AGÊNCIA CATALOGADORA
Campo de controle BR-BrBNA
005 - DATA E HORA DA ÚLTIMA ATUALIZAÇÃO
Campo de controle 20241127113928.0
008 - CAMPO DE TAMANHO FIXO
fixed length control field 241127b2010 bl.qr|pooa||| 00| 0 eng |
040 ## - FONTE DA CATALOGAÇÃO
Agência catalogadora BR-BrBNA
Idioma da catalogação eng
072 ## - CATEGORIA AGRIS
Código AGRIS F70
100 ## - ENTRADA PRINCIPAL - NOME PESSOAL
Nome pessoal Versieux, Leonardo M.
100 ## - ENTRADA PRINCIPAL - NOME PESSOAL
Nome pessoal Wanderley, Maria das Graças Lapa
245 ## - TÍTULO PRINCIPAL
Título principal Delimitation of the Alcantarea extensa complex (Bromeliaceae) and a new species from Espírito Santo, Brazil
500 ## - NOTA GERAL
Nota geral Publicação on-line; 14 ref.; 1 table; 3 illus.; Summaries (En, Pt)
942 ## - ADDED ENTRY ELEMENTS (KOHA)
Koha item type Analítica
520 ## - NOTA DE RESUMO
Nota de conteúdo <br/><br/>Abstract<br/><br/>The species complex related to Alcantarea extensa is presented and delimited as: A. extensa, A. vinicolor, A.<br/>burle-marxii, A. turgida, A. distractila, A. lurida, A. simplicisticha, A. nigripetala, A. mucilaginosa, and A.<br/>trepida. Alcantarea trepida, known from Espírito Santo state, southeastern Brazil, is described as new, and<br/>illustrated. It is compared to A. extensa, A. simplicisticha, and A. vinicolor from which it differs by the robust,<br/>erect, compound inflorescence with more numerous flowers and by the straight and thicker rachilla.<br/><br/>Key words: Atlantic Rainforest, endemism, inselberg, species complex, Tillandsioideae.
520 ## - NOTA DE RESUMO
Nota de conteúdo <br/><br/>Resumo<br/><br/>O complexo de espécies relacionadas a Alcantarea extensa é apresentado e delimitado como: A. extensa, A.<br/>vinicolor, A. burle-marxii, A. turgida, A. distractila, A. lurida, A. simplicisticha, A. nigripetala, A. mucilaginosa<br/>e A. trepida. Alcantarea trepida, conhecida do estado do Espírito Santo, é descrita como nova e ilustrada. É<br/>comparada com A. extensa, A. simplicisticha e A. vinicolor, das quais difere pela inflorescência ereta e robusta<br/>com flores mais numerosas e pelas ráquilas retas e mais grossas.<br/><br/>Palavras-chave: Mata Atlântica, afloramento rochoso, endemismo, complexo de espécies, Tillandsioideae.
650 ## - ASSUNTO - THESAGRO
Cabeçalho tópico ou nome geográfico MATA ATLÂNTICA
650 ## - ASSUNTO - THESAGRO
Cabeçalho tópico ou nome geográfico ESPÉCIE
650 ## - ASSUNTO - THESAGRO
Cabeçalho tópico ou nome geográfico BROMELIACEAE
773 0# - ENTRADA ANALÍTICA
Host Biblionumber 709
Registro do item 346775
Imprenta Rio de Janeiro-RJ Jardim Botanico do Rio de Janeiro 1935
Outro identificador 2024-7505
Título Rodriguésia (Brazil)
ISSN 0370-6583; 2175-7860 on-line
Colação v. 61(3) p. 421-429; (2010)
Número de controle de registro BR2024003684
856 ## - ACESSO E ENDEREÇO ELETRÔNICO
Identificador uniforme de recurso - URI https://www.scielo.br/j/rod/a/wsRxzV7NPM9v9F8C3cJCZDt/?format=pdf&lang=en

Nenhum exemplar disponível.

BINAGRI

Telefone: (61)3218-2567/2388/3357/2097 - binagri@agro.gov.br

Ministério da Agricultura e Pecuária , Esplanada dos Ministérios, Bloco D, Anexo B, Brasília/DF, CEP: 70.043-900